Passports of the World Quiz - Statistics

General Stats
  • This quiz has been taken 636 times
  • The average score is 64 of 197
Answer Stats
Picture Answer % Correct
Switzerland
91%
China
78%
Kosovo
78%
Turkey
77%
Iran
76%
Japan
75%
Norway
71%
Spain
71%
Slovakia
70%
Russia
69%
Croatia
68%
Mongolia
68%
Albania
67%
Ireland
66%
Germany
64%
Greece
64%
Slovenia
64%
Malta
63%
Bahrain
60%
Czech Republic
60%
Ethiopia
59%
Uzbekistan
58%
Madagascar
57%
Portugal
57%
India
56%
Saudi Arabia
56%
Thailand
56%
Serbia
55%
Sweden
55%
Cyprus
54%
Egypt
54%
Luxembourg
54%
Myanmar
54%
Oman
54%
Andorra
53%
Austria
53%
France
53%
Hungary
53%
Italy
53%
Nepal
53%
Singapore
53%
Denmark
52%
Estonia
52%
Finland
52%
Poland
52%
South Korea
52%
Brunei
51%
Bulgaria
51%
Netherlands
51%
Bangladesh
50%
Belgium
50%
Taiwan
50%
Australia
49%
Maldives
49%
Montenegro
49%
New Zealand
49%
Romania
49%
Ukraine
49%
Lithuania
48%
Moldova
47%
Israel
46%
North Macedonia
46%
Philippines
46%
United States of America
44%
Azerbaijan
43%
Cambodia
43%
Peru
43%
Malaysia
42%
Morocco
42%
Mexico
41%
El Salvador
40%
Kazakhstan
40%
North Korea
40%
Sri Lanka
40%
Vanuatu
40%
Vietnam
40%
Nicaragua
39%
Bosnia and Herzegovnia
38%
Ecuador
38%
Georgia
38%
Guatemala
38%
Monaco
38%
Qatar
38%
Vatican City
38%
Lebanon
37%
Palestine
37%
Belarus
36%
United Kingdom
35%
Angola
34%
Bolivia
33%
Colombia
33%
Equatorial Guinea
31%
Honduras
31%
Iceland
31%
Chile
30%
Latvia
30%
Pakistan
29%
San Marino
29%
Senegal
29%
Yemen
29%
Algeria
28%
Tonga
28%
Afghanistan
26%
Indonesia
26%
United Arab Emirates
26%
Kyrgyzstan
24%
Syria
24%
Tunisia
24%
Laos
23%
South Africa
23%
Togo
23%
Kenya
22%
Nigeria
22%
Argentina
21%
Kiribati
21%
Namibia
21%
Paraguay
21%
Turkmenistan
21%
Zimbabwe
21%
Canada
20%
East Timor
20%
Iraq
20%
Jordan
20%
Kuwait
20%
Libya
20%
Somalia
20%
Uganda
20%
Mauritania
19%
Brazil
18%
Comoros
18%
Fiji
18%
Ivory Coast
18%
Liechtenstein
18%
Chad
17%
Cuba
17%
Rwanda
17%
Tajikistan
17%
Tanzania
17%
Zambia
17%
Armenia
15%
Belize
15%
Bhutan
15%
Central African Republic
15%
Democratic Republic of the Congo
15%
Eritrea
15%
Federated States of Micronesia
15%
Mozambique
15%
Samoa
15%
Sudan
15%
Tuvalu
15%
Seychelles
14%
Sierra Leone
14%
Uruguay
14%
Benin
13%
Burkina Faso
13%
Costa Rica
13%
Liberia
13%
Venezuela
13%
Bahamas
12%
Barbados
12%
Botswana
12%
Lesotho
12%
Mali
12%
Suriname
12%
Cameroon
11%
Djibouti
11%
Gambia
11%
Guinea Bissau
11%
Malawi
11%
Solomon Islands
11%
South Sudan
11%
Dominica
10%
Grenada
10%
Guinea
10%
Haiti
10%
Niger
10%
Papua New Guinea
10%
Saint Lucia
10%
Burundi
9%
Ghana
9%
Jamaica
9%
Eswatini
8%
Gabon
8%
Mauritius
8%
Nauru
8%
Sao Tome and Principe
8%
Marshall Islands
7%
Republic of the Congo
7%
Saint Vincent and the Grenadines
7%
Trinidad and Tobago
7%
Antigua and Barbuda
6%
Cape Verde
6%
Dominican Republic
6%
Guyana
6%
Palau
6%
Panama
6%
Saint Kitts and Nevis
6%
No matching quizzes found
Score Distribution
Percent of People with Each Score
Percentile by Number Answered
Your Score History
You have not taken this quiz